00477 a2200181 4500001000700000020001700007040003500024100002100059240002100080245001600101300001000117362000900127440001100136697001100147942000700158952011100165999001900276156826 a978852602201 cEscola São Tomás de Aquino aBANDEIRA, Manuel10aPra brincarlpor10aPra brincar a29 p.0 a2016 1aGlobal aPoesia cBK 00104070a12.22b12.22d2024-04-30l0oB869.91 BAN PRApEST00011266r2024-04-30 22:14:11w2024-04-30yBK c156826d156826